Loading...
Current Events | 7 | 12.86 | 86% | 43% | 0% |
Fine Arts - Classical Music | 6 | 13.33 | 100% | 33% | 0% |
Fine Arts - Other Fine Arts | 7 | 15.71 | 86% | 57% | 14% |
Fine Arts - Painting and Sculpture | 4 | 10.00 | 75% | 25% | 0% |
Geography | 4 | 12.50 | 100% | 25% | 0% |
History - American History | 7 | 11.43 | 71% | 43% | 0% |
History - European History | 8 | 15.00 | 100% | 38% | 13% |
History - Other History | 6 | 11.67 | 83% | 33% | 0% |
History - World History | 11 | 10.00 | 82% | 18% | 0% |
Literature - Drama | 4 | 20.00 | 100% | 50% | 50% |
Literature - Long Fiction | 11 | 14.55 | 100% | 36% | 9% |
Literature - Misc Literature | 3 | 13.33 | 100% | 0% | 33% |
Literature - Poetry | 5 | 14.00 | 100% | 40% | 0% |
Literature - Short Fiction | 2 | 10.00 | 100% | 0% | 0% |
Mythology | 5 | 16.00 | 100% | 60% | 0% |
Other Academic | 4 | 12.50 | 75% | 50% | 0% |
Philosophy | 5 | 12.00 | 80% | 20% | 20% |
Religion | 4 | 10.00 | 75% | 25% | 0% |
Science - Biology | 5 | 18.00 | 100% | 80% | 0% |
Science - Chemistry | 10 | 20.00 | 100% | 90% | 10% |
Science - Other Science | 10 | 13.00 | 90% | 40% | 0% |
Science - Physics | 5 | 16.00 | 100% | 60% | 0% |
Social Science | 10 | 14.00 | 70% | 60% | 10% |